Eastern Utah Libraries Catalog: Duchesne, Heber, Roosevelt, & Vernal

Bee makes tea / (Record no. 201547)

MARC details
000 -LEADER
fixed length control field 01136nam a2200349 a 4500
001 - CONTROL NUMBER
control field mlg42474003
003 - CONTROL NUMBER IDENTIFIER
control field KyBuM
005 - DATE AND TIME OF LATEST TRANSACTION
control field 20241220164133.0
008 - FIXED-LENGTH DATA ELEMENTS--GENERAL INFORMATION
fixed length control field 140317t20142013okua j 000 1 eng d
020 ## - INTERNATIONAL STANDARD BOOK NUMBER
International Standard Book Number 9781601303271
020 ## - INTERNATIONAL STANDARD BOOK NUMBER
International Standard Book Number 9780794530358 (pbk.) :
Terms of availability $6.99
040 ## - CATALOGING SOURCE
Original cataloging agency KyBuM
Transcribing agency KyBuM
Description conventions rda
082 14 - DEWEY DECIMAL CLASSIFICATION NUMBER
Classification number E
Edition number 15
092 ## - LOCALLY ASSIGNED DEWEY CALL NUMBER (OCLC)
Classification number E
100 1# - MAIN ENTRY--PERSONAL NAME
Personal name Sims, Lesley.
9 (RLIN) 39744
245 10 - TITLE STATEMENT
Title Bee makes tea /
Statement of responsibility, etc Lesley Sims ; illustrated by Fred Blunt.
260 ## - PUBLICATION, DISTRIBUTION, ETC. (IMPRINT)
Place of publication, distribution, etc Tulsa, Okla. :
Name of publisher, distributor, etc EDC Pub.,
Date of publication, distribution, etc 2014, c2013.
264 ## - Production, Publication, Distribution, Manufacture, and Copyright Notice.
Place of production, publication, distribution, manufacture Tulsa, Okla. :
Name of producer, publisher, distributor, manufacturer EDC Pub.,
Date of production, publication, distribution, manufacture, or copyr 2014
300 ## - PHYSICAL DESCRIPTION
Extent [24] p. :
Other physical details col. ill. ;
Dimensions 22 cm.
336 ## - Content Type
Content type term book
337 ## - Media type
Media type term book
338 ## - Carrier type
Carrier type term book
490 0# - SERIES STATEMENT
Series statement Usborne phonics readers
520 ## - SUMMARY, ETC.
Summary, etc Bee gets help from Ant and his team preparing a cake for the Queen Bee's tea.
521 2# - TARGET AUDIENCE NOTE
Target audience note K-3
Source Medialog, Inc.
650 #0 - SUBJECT ADDED ENTRY--TOPICAL TERM
Topical term or geographic name as entry element Bees
Form subdivision Juvenile fiction.
9 (RLIN) 5692182
650 #0 - SUBJECT ADDED ENTRY--TOPICAL TERM
Topical term or geographic name as entry element Tea
Form subdivision Juvenile fiction.
9 (RLIN) 5692183
650 #0 - SUBJECT ADDED ENTRY--TOPICAL TERM
Topical term or geographic name as entry element Reading
General subdivision Phonetic method.
9 (RLIN) 90450
650 #0 - SUBJECT ADDED ENTRY--TOPICAL TERM
Topical term or geographic name as entry element Readers (Primary)
9 (RLIN) 90439
700 1# - ADDED ENTRY--PERSONAL NAME
Personal name Blunt, Fred,
Relator term ill.
9 (RLIN) 5803757
942 ## - ADDED ENTRY ELEMENTS (KOHA)
Source of classification or shelving scheme Dewey Decimal Classification
Koha item type BOOK
Holdings
Withdrawn status Lost status Source of classification or shelving scheme Damaged status Not for loan Collection code Home library Current library Shelving location Date acquired Cost, normal purchase price Total Checkouts Total Renewals Full call number Barcode Date last seen Date checked out Cost, replacement price Price effective from Koha item type
    Dewey Decimal Classification     Children Leveled Wasatch County Library Wasatch County Library Main Floor Childrens Area 05/01/2018 15.95 32 23 E Sim 34301001549007 11/17/2025 09/05/2025 15.95 03/20/2020 BOOK
    Dewey Decimal Classification     Children Leveled Wasatch County Library Wasatch County Library Main Floor Childrens Area 10/31/2014 14.99 46 18 E Sim 34301001391996 12/03/2025 11/18/2025 14.99 03/20/2020 BOOK
This project was made possible through a grant from the Institute of Museum and Library Service administered by the Utah State Library Division.

Wasatch County Library

  • 465 East 1200 South, Heber City, Utah 84032
  • Phone 435-654-1511 | Fax 435-654-6456

Hours

  • Monday - Friday 9:30 AM - 8:00 PM
  • Saturday 9:30 AM - 1:30 PM
  • Closed Sundays and Holidays